[Event "Gleisdorf ch"]
[White "Kraxner, C."]
[Black "Charusa, KH."]
[Site "Gleisdorf"]
[Round "1"]
[Result "0-1"]
[Date "1996.??.??"]
[WhiteElo "1605"]
[BlackElo "1800"]
[PlyCount "46"]
[EventDate "1996.??.??"]
[EventType "swiss"]
[EventRounds "7"]
[EventCountry "AUT"]
[SourceTitle "EXT 1999"]
[Source "ChessBase"]
[SourceDate "1998.11.16"]
[SourceVersion "1"]
[SourceVersionDate "1998.11.16"]
[SourceQuality "1"]

1. e4 c6 2. Nc3 d5 3. exd5 cxd5 4. d4 Bf5 5. Nf3 Nf6 6. Bg5 e6 7. Ne5 Be7 8. Bb5+ Nbd7 9. Bxd7+ Nxd7 10. Bxe7 Qxe7 11. Nxd7 Kxd7 12. 0-0 Rac8 13. Qd2 g5 14. Rac1 h5 15. Ne2 h4 16. h3 g4 17. Nf4 gxh3 18. Nxh3 Rcg8 19. Qe3 Be4 20. Nf4 Bxg2 21. Nxg2 h3 22. f3 hxg2 23. Rfe1 Qh4 0-1

[Event "Gleisdorf ch"]
[White "Matosec, Thomas"]
[Black "Charusa, KH."]
[Site "Gleisdorf"]
[Round "3"]
[Result "1/2-1/2"]
[Date "1996.??.??"]
[WhiteElo "1920"]
[BlackElo "1800"]
[PlyCount "38"]
[EventDate "1996.??.??"]
[EventType "swiss"]
[EventRounds "7"]
[EventCountry "AUT"]
[SourceTitle "EXT 1999"]
[Source "ChessBase"]
[SourceDate "1998.11.16"]
[SourceVersion "1"]
[SourceVersionDate "1998.11.16"]
[SourceQuality "1"]

1. Nf3 Nf6 2. c4 c5 3. g3 Nc6 4. Bg2 g6 5. Nc3 Bg7 6. 0-0 0-0 7. d4 cxd4 8. Nxd4 Nxd4 9. Qxd4 d6 10. Qd3 Rb8 11. e4 b6 12. Rd1 Nd7 13. f4 a5 14. Be3 Nc5 15. Qe2 Bb7 16. Bd4 Bxd4+ 17. Rxd4 Qc8 18. Rc1 Re8 19. a3 Nb3 1/2-1/2